000 00791nam a22001937a 4500
999 _c371296
_d371296
008 201127b ||||| |||| 00| 0 eng d
040 _aDE-2950
_bger
_cDE-2950
_erda
041 _ager
245 _aEmilia, Frieda und Emma ganz vorn.
_bStandesamt: Oskar und Emil waren 2021 die beliebtesten Jungennamen in Frankfurt, am Klinik-Standort Bad Saarow waren es Paul und Felix. Die Standesämter beurkundeten auch ausgefallene Wünsche /
_cManja Wilde
264 _c2021
653 _aFrankfurt (Oder)
653 _aStandesamt
653 _aVornamen
773 _dFrankfurt (Oder) Märkisches Verlags- und Druckhaus GmbH & Co KG
_tMärkische Oderzeitung
_g33. Jahrgang (2022) Nr. 1 vom 03.01.2022, S. 13
942 _cA